الإحصائيات لـ أعلام الدول العربية

أنقر هنا لكي تخضع للإختبار!

الإحصائيات العامة

  • هذا الإختبار تم الخضوع له 415 مره
  • الدرجة المتوسطة هي 15 من 24

إحصائيات الإجابة

Answer% صحيح
قطر
97%
البحرين
94%
المملكة العربية السعودية
90%
الإمارات العربية المتحدة
88%
العراق
87%
لبنان
86%
عمان
85%
سوريا
84%
مصر
82%
اليمن
80%
فلسطين
79%
الكويت
77%
الأردن
76%
السودان
65%
تونس
38%
الجزائر
36%
الصومال
34%
المغرب
34%
ليبيا
33%
جنوب السودان
29%
موريتانيا
27%
جيبوتي
24%
جزر القمر
24%
إريتريا
10%

توزيع النقاط

النسبة وفقا للأرقام

نسبة الأشخاص لكل درجة

سجل النقاط الخاصة بك

لم تضخع لهذا الإختبار